Rediseño de procesos y sistema de información en la comercializadora de seguros : Primera Consolidada de Seguros PRICOSE, S.A.

Na minha lista:
Detalhes bibliográficos
Autor principal: García Figueroa, Marco
Outros Autores: Monge Mora, Dinia
Formato: Livro
Publicado em: San José, C.R. 2001
Assuntos:
Tags: Adicionar Tag
Sem tags, seja o primeiro a adicionar uma tag!

MARC

LEADER 00000nam a2200000Ia 4500
003 008701
005 20221231144203.0
008 140114s2000 cr a m 000 ||s d
040 |c cru CEDI 
090 |a TFG 4293 
100 |a García Figueroa, Marco   |9 7833 
245 |a Rediseño de procesos y sistema de información en la comercializadora de seguros : Primera Consolidada de Seguros PRICOSE, S.A.  
260 |c 2001  |a  San José, C.R. 
300 |a  xii, 197, [140] páginas : ilustraciones (algunos a color)  
500 |a  Tesis (licenciatura en ingeniería industrial)--Universidad de Costa Rica. Facultad de Ingeniería. Escuela de Ingeniería Industrial 
650 |x SEGUROS   |x COMERCIO   |x  COSTA RICA   |x CAMBIO ORGANIZACIONAL   |x SISTEMAS DE INFORMACION   |x CONTROL DE PROCESOS  |9 7836 
700 |9 7835  |a Monge Mora, Dinia  
942 |c TFG 
999 |c 18145  |d 18145